| 000 | 00871cam a22002891 4500 | ||
|---|---|---|---|
| 999 |
_c129906 _d129906 |
||
| 001 | 8713168 | ||
| 003 | ARRUPE | ||
| 005 | 20191016084350.0 | ||
| 008 | 740528s1915 enka 000 0 eng | ||
| 010 | _a 17015176 | ||
| 020 | _a0405051409 | ||
| 035 | _a(OCoLC)896210 | ||
| 040 |
_aDLC _cONcM _dOCoLC _dDLC |
||
| 050 | 0 | 0 |
_aBF701 _b.H7 |
| 100 | 1 |
_aHobhouse, L. T. _q(Leonard Trelawny), _d1864-1929. _948311 |
|
| 245 | 1 | 0 |
_aMind in evolution, _cby L. T. Hobhouse ... |
| 250 | _a2d ed. | ||
| 260 |
_aLondon, _bForgotten Books, _c2015. |
||
| 300 |
_axix, 469 p. _billus. _c23 cm. |
||
| 440 |
_aClassic reprint series _97675 |
||
| 500 | _aPublished originally in 1915 | ||
| 650 | 0 |
_aIntellect. _914396 |
|
| 650 | 0 |
_aEvolution. _916208 |
|
| 650 | 0 |
_aPsychology, Comparative. _919826 |
|
| 906 |
_a7 _bcbc _coclcrpl _du _encip _f19 _gy-gencatlg |
||
| 942 |
_2lcc _cMONOGRAPH |
||